[Event "NOR-chT Club"]
[Site "Drammen"]
[Date "2019.05.31"]
[Round "2.5"]
[White "Johansen, Arnstein"]
[Black "Ludvigsen, Frode"]
[Result "0-1"]
[WhiteElo "1740"]
[BlackElo "2064"]
[PlyCount "66"]
[EventDate "2019.05.30"]
[EventType "team-swiss"]
[EventRounds "6"]
[EventCountry "NOR"]
[SourceTitle "CBM 190 Extra"]
[Source "ChessBase"]
[SourceDate "2019.07.15"]
[SourceVersion "1"]
[SourceVersionDate "2019.07.15"]
[SourceQuality "1"]
[WhiteTeam "Moss"]
[BlackTeam "Drammen Tigers"]
[WhiteTeamCountry "NOR"]
[BlackTeamCountry "NOR"]

1. c4 e6 2. g3 c5 3. Bg2 Nc6 4. Nc3 g6 5. Nf3 Bg7 6. 0-0 Nge7 7. a3 d5 8. d3 0-0 9. Rb1 b6 10. Bd2 d4 11. Na2 Bb7 12. b4 cxb4 13. Nxb4 Rc8 14. Qc1 b5 15. Nxc6 Bxc6 16. Bh6 Bxh6 17. Qxh6 Nf5 18. Qf4 bxc4 19. dxc4 f6 20. Rfd1 e5 21. Qd2 Be4 22. Rbc1 Qb6 23. Qb4 Qa6 24. Nd2 Rb8 25. Bxe4 Rxb4 26. axb4 Ne7 27. Ra1 Qb6 28. c5 Qxb4 29. Rxa7 Qxc5 30. Rda1 f5 31. Bd3 Rc8 32. R7a5 Qc3 33. Rxe5 Qxa1+ 0-1

[Event "NOR-chT Club"]
[Site "Drammen"]
[Date "2019.05.30"]
[Round "1.8"]
[White "Ludvigsen, Frode"]
[Black "Frimanslund, Berge"]
[Result "1-0"]
[WhiteElo "2064"]
[BlackElo "1510"]
[PlyCount "31"]
[EventDate "2019.05.30"]
[EventType "team-swiss"]
[EventRounds "6"]
[EventCountry "NOR"]
[SourceTitle "CBM 190 Extra"]
[Source "ChessBase"]
[SourceDate "2019.07.15"]
[SourceVersion "1"]
[SourceVersionDate "2019.07.15"]
[SourceQuality "1"]
[WhiteTeam "Drammen Tigers"]
[BlackTeam "Sotra"]
[WhiteTeamCountry "NOR"]
[BlackTeamCountry "NOR"]

1. d4 d5 2. c4 e5 3. dxe5 d4 4. Nf3 Bb4+ 5. Nbd2 c5 6. a3 Qa5 7. g3 Ne7 8. Bg2 Nd7 9. 0-0 Bxd2 10. Bxd2 Qc7 11. Bf4 Ng6 12. e6 Nde5 13. exf7+ Kxf7 14. Nxe5+ Nxe5 15. e3 Rd8 16. Qh5+ 1-0

[Event "NOR-chT Club"]
[Site "Drammen"]
[Date "2019.05.30"]
[Round "5"]
[White "Ludvigsen, Frode"]
[Black "Johansen, Aleksander"]
[Result "1-0"]
[WhiteElo "2064"]
[BlackElo "1498"]
[PlyCount "57"]
[EventDate "2019.05.30"]
[EventType "team-swiss"]
[EventRounds "6"]
[EventCountry "NOR"]
[SourceTitle "CBM 190 Extra"]
[Source "ChessBase"]
[SourceDate "2019.07.15"]
[SourceVersion "1"]
[SourceVersionDate "2019.07.15"]
[SourceQuality "1"]
[WhiteTeam "Drammen Tigers"]
[BlackTeam "Groruddalen"]
[WhiteTeamCountry "NOR"]
[BlackTeamCountry "NOR"]

1. d4 d5 2. c4 dxc4 3. Nf3 Nf6 4. Nc3 Nc6 5. e3 Bg4 6. Bxc4 e6 7. Bb5 a6 8. Bxc6+ bxc6 9. h3 Bh5 10. g4 Bg6 11. Qa4 Bd6 12. Qxc6+ Nd7 13. e4 Rb8 14. Qxa6 0-0 15. Qe2 c5 16. 0-0 cxd4 17. Nxd4 Qh4 18. Kg2 f5 19. exf5 exf5 20. Qe6+ Rf7 21. Qxd6 fxg4 22. Nde2 Qxh3+ 23. Kg1 Rb5 24. Qg3 Rf3 25. Qxh3 Rxh3 26. Nf4 Rf3 27. Ncd5 Rc5 28. Nxg6 Rxd5 29. Ne7+ 1-0

[Event "Vojvodina op 8th"]
[Site "Novi Sad"]
[Date "2017.07.16"]
[Round "1"]
[White "Leskur, Dejan"]
[Black "Ludvigsen, Frode"]
[Result "1-0"]
[WhiteElo "2393"]
[BlackElo "2086"]
[PlyCount "67"]
[EventDate "2017.07.16"]
[EventType "swiss"]
[EventRounds "9"]
[EventCountry "SRB"]
[SourceTitle "EXT 2018"]
[Source "ChessBase"]
[SourceDate "2017.10.13"]
[SourceVersion "1"]
[SourceVersionDate "2017.10.13"]
[SourceQuality "1"]

1. e4 e6 2. d4 d5 3. Nc3 Bb4 4. Nge2 Nf6 5. e5 Ne4 6. a3 Nxc3 7. Nxc3 Bxc3+ 8. bxc3 0-0 9. Bd3 f5 10. exf6 Qxf6 11. 0-0 c5 12. Qh5 g6 13. Qh6 Nc6 14. Bg5 Qf7 15. dxc5 e5 16. f3 Bf5 17. Rae1 Qc7 18. c4 Bxd3 19. cxd3 Qa5 20. Be3 d4 21. Bc1 Qxc5 22. Qh3 Rf5 23. Re4 Rd8 24. Rfe1 b5 25. cxb5 Qxb5 26. f4 exf4 27. Bxf4 Qd5 28. g4 Rf7 29. Bh6 Qd7 30. Qg2 Re7 31. Qa2+ Kh8 32. Rxe7 Nxe7 33. Qf7 Qxg4+ 34. Kh1 1-0

[Event "SRB Central-ch op-A 8th"]
[Site "Paracin"]
[Date "2015.07.09"]
[Round "8"]
[White "Ludvigsen, Frode"]
[Black "Djordjevic, Gradimir"]
[Result "1/2-1/2"]
[WhiteElo "2085"]
[BlackElo "2111"]
[PlyCount "84"]
[EventDate "2015.07.03"]
[EventType "swiss"]
[EventRounds "9"]
[EventCountry "SRB"]
[SourceTitle "CBM 167 Extra"]
[Source "ChessBase"]
[SourceDate "2015.09.14"]
[SourceVersion "1"]
[SourceVersionDate "2015.09.14"]
[SourceQuality "1"]

1. d4 Nf6 2. c4 e6 3. Nf3 d5 4. g3 c6 5. Bg2 Bd6 6. 0-0 0-0 7. Nfd2 Nbd7 8. Nc3 a6 9. e4 dxe4 10. Ndxe4 Be7 11. Bf4 Nxe4 12. Nxe4 Nf6 13. Nc3 Bd6 14. Be3 e5 15. d5 c5 16. Na4 Qc7 17. b4 b6 18. Rb1 Bf5 19. Rc1 Rab8 20. b5 axb5 21. cxb5 Ra8 22. Qb3 Qa7 23. Nb2 Be4 24. a4 Bxg2 25. Kxg2 Rfb8 26. Ra1 Qd7 27. Rfd1 Qf5 28. f3 e4 29. f4 Qh5 30. Bg1 Qg4 31. Kh1 Qh3 32. Qc2 Ra7 33. Nc4 Bc7 34. d6 Bd8 35. Ne5 Rba8 36. Qb3 Qe6 37. Qxe6 fxe6 38. Nc6 Rd7 39. Ne5 Rda7 40. Nc6 Rd7 41. Ne5 Rda7 42. Nc6 Rd7 1/2-1/2

[Event "NOR-chB"]
[Site "Moss"]
[Date "2006.07.10"]
[Round "3"]
[White "Borchgrevink, Harald"]
[Black "Ludvigsen, Frode"]
[Result "1-0"]
[WhiteElo "2249"]
[BlackElo "2060"]
[PlyCount "51"]
[EventDate "2006.07.08"]
[EventType "swiss"]
[EventRounds "9"]
[EventCountry "NOR"]
[SourceTitle "EXT 2007"]
[Source "ChessBase"]
[SourceDate "2006.11.23"]
[SourceVersion "1"]
[SourceVersionDate "2006.11.23"]
[SourceQuality "1"]

1. d4 Nf6 2. c4 e6 3. g3 c5 4. d5 exd5 5. cxd5 d6 6. Nc3 g6 7. Bg2 Bg7 8. Nf3 0-0 9. 0-0 a6 10. a4 Re8 11. Nd2 Nbd7 12. h3 Rb8 13. a5 b5 14. axb6 Nxb6 15. e4 Bd7 16. Re1 Bb5 17. f4 Qc7 18. Nf3 Nfd7 19. Kh2 Rbd8 20. g4 Nc8 21. g5 Na7 22. Be3 Rb8 23. Bf2 Bc4 24. Qc2 Qb6 25. Rab1 Nb5 26. Na4 1-0

[Event "Molde"]
[Site "Molde"]
[Date "2004.07.03"]
[Round "1"]
[White "Johnsen, Sverre"]
[Black "Ludvigsen, Frode"]
[Result "0-1"]
[WhiteElo "2140"]
[BlackElo "2024"]
[PlyCount "60"]
[EventDate "2004.07.03"]
[EventType "swiss"]
[EventRounds "8"]
[EventCountry "NOR"]
[SourceTitle "EXT 2008"]
[Source "ChessBase"]
[SourceDate "2007.11.25"]
[SourceVersion "1"]
[SourceVersionDate "2007.11.25"]
[SourceQuality "1"]

1. d4 Nf6 2. Bf4 c5 3. e3 e6 4. c3 Nc6 5. Nd2 d5 6. Bd3 Bd6 7. Bxd6 Qxd6 8. f4 cxd4 9. cxd4 Qb4 10. Rb1 Ne4 11. Bxe4 dxe4 12. a3 Qa5 13. b4 Qxa3 14. Rb3 Qa4 15. Nxe4 Nxb4 16. Nd6+ Ke7 17. Qb1 a5 18. Ne4 b6 19. Ne2 Bb7 20. N2c3 Qc6 21. Rxb4 axb4 22. Qxb4+ Kd7 23. 0-0 Ra5 24. d5 Rxd5 25. Rf2 Rd3 26. f5 exf5 27. Rxf5 f6 28. Rf3 Re8 29. Rf4 Rxc3 30. Qxc3 Rxe4 0-1

[Event "NOR-chB op"]
[Site "Asker"]
[Date "2003.05.30"]
[Round "3"]
[White "Einvik, Gunnar"]
[Black "Ludvigsen, Frode"]
[Result "1-0"]
[WhiteElo "1933"]
[BlackElo "1960"]
[PlyCount "57"]
[EventDate "2003.05.??"]
[EventType "swiss"]
[EventRounds "5"]
[EventCountry "NOR"]
[SourceTitle "EXT 2005"]
[Source "ChessBase"]
[SourceDate "2004.11.15"]
[SourceVersion "1"]
[SourceVersionDate "2004.11.15"]
[SourceQuality "1"]

1. e4 c5 2. Nf3 d6 3. Bb5+ Bd7 4. Bxd7+ Qxd7 5. 0-0 Nc6 6. c3 g6 7. d4 cxd4 8. cxd4 Bg7 9. Nc3 Nf6 10. Qe2 0-0 11. Rd1 Rfc8 12. Bg5 h6 13. Bh4 Na5 14. e5 Nh5 15. Nd5 Re8 16. b4 Nc6 17. b5 Nd8 18. Rac1 Ne6 19. Qe4 g5 20. Qf5 Qxb5 21. exd6 Kh8 22. Ne5 Bxe5 23. dxe5 Nhf4 24. Nxf4 Nxf4 25. d7 Red8 26. Rc8 Ne6 27. Rxa8 Rxa8 28. Qxf7 Qxe5 29. Qe8+ 1-0

[Event "NOR-chT east 0203"]
[Site "Norway"]
[Date "2003.01.19"]
[Round "5"]
[White "Ludvigsen, Frode"]
[Black "Berg Jensen, Joachim"]
[Result "1/2-1/2"]
[WhiteElo "2225"]
[BlackElo "2199"]
[PlyCount "81"]
[EventDate "2002.11.09"]
[EventType "team-swiss"]
[EventRounds "9"]
[EventCountry "NOR"]
[SourceTitle "EXT 2009"]
[Source "ChessBase"]
[SourceDate "2008.11.26"]
[SourceVersion "1"]
[SourceVersionDate "2008.11.26"]
[SourceQuality "1"]

1. d4 f5 2. Nf3 Nf6 3. g3 g6 4. Bg2 Bg7 5. 0-0 0-0 6. c4 d6 7. Nc3 c6 8. Qc2 Qe8 9. d5 c5 10. b3 Na6 11. Bb2 Nc7 12. a4 Rb8 13. Rfe1 Na6 14. e4 Nb4 15. Qb1 Nxe4 16. Nxe4 fxe4 17. Bxg7 exf3 18. Bxf8 Qxf8 19. Bf1 Bf5 20. Qd1 Nc2 21. Qxf3 Nxa1 22. Rxa1 Qf6 23. Re1 Rf8 24. Qe3 Rf7 25. Qd2 b6 26. Re3 Kf8 27. Bd3 Qa1+ 28. Kg2 Qd4 29. Qe2 Qg4 30. Bxf5 Qxe2 31. Rxe2 Rxf5 32. f4 Ke8 33. h4 a6 34. Kf3 h5 35. Re6 Rf6 36. Rxf6 exf6 37. f5 g5 38. g4 hxg4+ 39. Kxg4 gxh4 40. Kxh4 Kf7 41. Kg4 1/2-1/2

[Event "NOR-chT 0001"]
[Site "Norway"]
[Date "2000.??.??"]
[Round "2"]
[White "Ludvigsen, Frode"]
[Black "Diesen, Bruce"]
[Result "0-1"]
[WhiteElo "2227"]
[BlackElo "2275"]
[PlyCount "65"]
[EventDate "2000.??.??"]
[EventType "team"]
[EventRounds "5"]
[EventCountry "NOR"]
[SourceTitle "EXT 2002"]
[Source "ChessBase"]
[SourceDate "2001.11.25"]
[SourceVersion "1"]
[SourceVersionDate "2001.11.25"]
[SourceQuality "1"]

1. d4 f5 2. Nf3 Nf6 3. g3 g6 4. Bg2 Bg7 5. 0-0 0-0 6. c4 d6 7. Nc3 c6 8. Qc2 Qc7 9. b3 a5 10. Bb2 Na6 11. e4 fxe4 12. Nxe4 Bf5 13. Nh4 Nxe4 14. Bxe4 Bxe4 15. Qxe4 Qd7 16. f4 a4 17. Nf3 Bf6 18. Rae1 Qf5 19. Rf2 Nb4 20. Qxf5 gxf5 21. Re3 b5 22. Bc3 Na6 23. Kg2 Nc7 24. h3 axb3 25. axb3 bxc4 26. bxc4 Ra4 27. Nd2 d5 28. g4 dxc4 29. g5 Nd5 30. Rg3 Bg7 31. Rf1 Ra2 32. Rf2 Nxc3 33. Rxc3 0-1

[Event "NOR-ch Master"]
[Site "Gausdal"]
[Date "1999.??.??"]
[Round "3"]
[White "Ludvigsen, Frode"]
[Black "Eriksen, Terje"]
[Result "1/2-1/2"]
[WhiteElo "2224"]
[BlackElo "2204"]
[PlyCount "40"]
[EventDate "1999.??.??"]
[EventType "swiss"]
[EventRounds "9"]
[EventCountry "NOR"]
[SourceTitle "EXT 2001"]
[Source "ChessBase"]
[SourceDate "2000.11.22"]
[SourceVersion "1"]
[SourceVersionDate "2000.11.22"]
[SourceQuality "1"]

1. d4 Nf6 2. Nf3 e6 3. c4 Bb4+ 4. Bd2 Qe7 5. Qc2 Bxd2+ 6. Nbxd2 d6 7. e4 e5 8. d5 a5 9. g3 0-0 10. Bg2 Nh5 11. 0-0 f5 12. b3 f4 13. c5 dxc5 14. Nc4 g5 15. Qc3 Re8 16. a4 Nd7 17. Rfd1 g4 18. Nfd2 f3 19. Bf1 Nhf6 20. Nxa5 h5 1/2-1/2

[Event "NOR-ch"]
[Site "Stavanger"]
[Date "1997.??.??"]
[Round "8"]
[White "Berg, Johan"]
[Black "Ludvigsen, Frode"]
[Result "1-0"]
[WhiteElo "2225"]
[BlackElo "2090"]
[PlyCount "67"]
[EventDate "1997.??.??"]
[EventType "swiss"]
[EventRounds "9"]
[EventCountry "NOR"]
[SourceTitle "EXT 2001"]
[Source "ChessBase"]
[SourceDate "2000.11.22"]
[SourceVersion "1"]
[SourceVersionDate "2000.11.22"]
[SourceQuality "1"]

1. e4 d6 2. f4 c5 3. Nf3 Nc6 4. c3 Bg4 5. h3 Bxf3 6. Qxf3 g6 7. Bc4 Bg7 8. d3 e6 9. Na3 a6 10. Nc2 Nge7 11. a4 Na5 12. Ba2 b5 13. Ne3 Nec6 14. h4 b4 15. Bd2 Qb6 16. Rc1 0-0-0 17. Nc4 Nxc4 18. Bxc4 b3 19. a5 Nxa5 20. Ra1 Nxc4 21. dxc4 Kc7 22. 0-0 Qc6 23. Ra3 Rb8 24. f5 Rb6 25. fxe6 f6 26. Qg4 Rf8 27. h5 g5 28. Bxg5 fxg5 29. Rf7+ Kb8 30. Rxg7 Rb7 31. h6 Re8 32. Qxg5 Rxe6 33. Qd8+ Ka7 34. Rxb3 1-0

[Event "NOR-chT"]
[Site "Norway"]
[Date "1997.??.??"]
[Round "7"]
[White "Djurhuus, Rune"]
[Black "Ludvigsen, Frode"]
[Result "1-0"]
[WhiteElo "2530"]
[BlackElo "2340"]
[PlyCount "47"]
[EventDate "1997.??.??"]
[EventType "team-swiss"]
[EventRounds "7"]
[EventCountry "NOR"]
[SourceTitle "EXT 1999"]
[Source "ChessBase"]
[SourceDate "1998.11.16"]
[SourceVersion "1"]
[SourceVersionDate "1998.11.16"]
[SourceQuality "1"]

1. e4 d6 2. d4 Nf6 3. Nc3 c6 4. g3 Qa5 5. Bg2 e5 6. Nge2 b5 7. 0-0 b4 8. Nb1 Ba6 9. Re1 Be7 10. h3 0-0 11. Be3 c5 12. c3 bxc3 13. bxc3 Nbd7 14. d5 Nb6 15. Nd2 Bxe2 16. Qxe2 Qxc3 17. Qa6 Qc2 18. a4 Rfb8 19. Bf1 Nc8 20. Rec1 Qb2 21. Rab1 Qa3 22. Rxb8 Rxb8 23. Rb1 Nb6 24. Qxa7 1-0

[Event "NOR-ch"]
[Site "Stavanger"]
[Date "1997.??.??"]
[Round "4"]
[White "Fossan, Petter"]
[Black "Ludvigsen, Frode"]
[Result "1-0"]
[WhiteElo "2260"]
[BlackElo "2090"]
[PlyCount "47"]
[EventDate "1997.??.??"]
[EventType "swiss"]
[EventRounds "9"]
[EventCountry "NOR"]
[SourceTitle "EXT 2001"]
[Source "ChessBase"]
[SourceDate "2000.11.22"]
[SourceVersion "1"]
[SourceVersionDate "2000.11.22"]
[SourceQuality "1"]

1. e4 c5 2. Nf3 Nc6 3. d4 cxd4 4. Nxd4 e6 5. Nc3 Qc7 6. Be3 Nf6 7. f4 d6 8. Be2 Bd7 9. 0-0 Be7 10. Kh1 a6 11. Qe1 b5 12. a3 0-0 13. Qg3 Kh8 14. Rad1 Rab8 15. e5 Ne8 16. Ne4 Rc8 17. Nf3 f5 18. exf6 gxf6 19. f5 e5 20. Nh4 Na5 21. Nc3 Rf7 22. Bh5 Rg7 23. Qf2 Bc6 24. Bb6 1-0

[Event "NOR-ch"]
[Site "Stavanger"]
[Date "1997.??.??"]
[Round "6"]
[White "Johannessen, Svein"]
[Black "Ludvigsen, Frode"]
[Result "0-1"]
[WhiteElo "2200"]
[BlackElo "2090"]
[PlyCount "120"]
[EventDate "1997.??.??"]
[EventType "swiss"]
[EventRounds "9"]
[EventCountry "NOR"]
[SourceTitle "EXT 2001"]
[Source "ChessBase"]
[SourceDate "2000.11.22"]
[SourceVersion "1"]
[SourceVersionDate "2000.11.22"]
[SourceQuality "1"]

1. d4 f5 2. Nf3 Nf6 3. Bg5 e6 4. Nbd2 Be7 5. Bxf6 Bxf6 6. e4 0-0 7. Bd3 d6 8. c3 c5 9. dxc5 dxc5 10. Qe2 a6 11. a4 Nc6 12. 0-0 Rb8 13. Nb3 Na5 14. Nxa5 Qxa5 15. Nd2 Qc7 16. a5 Be5 17. h3 Bd7 18. Nc4 Bh2+ 19. Kh1 Bf4 20. Nb6 Bc6 21. Rfe1 Kh8 22. Qc2 Qf7 23. exf5 exf5 24. Bc4 Qh5 25. Bd5 Bxd5 26. Nxd5 Bd6 27. Qb3 Qf7 28. Qc4 Rbe8 29. Nb6 Rxe1+ 30. Rxe1 Re8 31. Rd1 Qe7 32. f4 h6 33. Qa4 Bb8 34. Qc4 Kh7 35. Qd5 Kg6 36. Qf3 Qe4 37. Qxe4 Rxe4 38. g3 Re3 39. Rd8 Bc7 40. Rd7 Bxb6 41. Rd6+ Kh5 42. Rxb6 Rxg3 43. Rxb7 Kh4 44. Rb6 Rxh3+ 45. Kg2 Rd3 46. Rxa6 Rd2+ 47. Kf3 Rxb2 48. Rg6 Rc2 49. a6 Rxc3+ 50. Kf2 Ra3 51. Rxg7 Rxa6 52. Rc7 Ra2+ 53. Ke3 Rc2 54. Kd3 Rc1 55. Kd2 Rc4 56. Kd3 Rd4+ 57. Ke3 Re4+ 58. Kf3 Rc4 59. Rc6 Rc3+ 60. Kf2 Kg4 0-1

[Event "NOR-chT"]
[Site "Norway"]
[Date "1997.??.??"]
[Round "6"]
[White "Ludvigsen, Frode"]
[Black "Hagesaether, Paal Vegard"]
[Result "0-1"]
[WhiteElo "2340"]
[BlackElo "2205"]
[PlyCount "108"]
[EventDate "1997.??.??"]
[EventType "team-swiss"]
[EventRounds "7"]
[EventCountry "NOR"]
[SourceTitle "EXT 1999"]
[Source "ChessBase"]
[SourceDate "1998.11.16"]
[SourceVersion "1"]
[SourceVersionDate "1998.11.16"]
[SourceQuality "1"]

1. d4 Nf6 2. Nf3 e6 3. c4 Nc6 4. Bg5 h6 5. Bxf6 Qxf6 6. Nc3 Bb4 7. Rc1 d6 8. d5 Bxc3+ 9. Rxc3 Nb8 10. g3 b6 11. Bg2 e5 12. 0-0 0-0 13. Nd2 Nd7 14. b4 a5 15. a3 Qg6 16. e4 axb4 17. axb4 f5 18. exf5 Qxf5 19. Ne4 Ra2 20. Qb1 Ra7 21. Qc2 Nf6 22. c5 Ba6 23. cxb6 cxb6 24. Rd1 Nxe4 25. Bxe4 Qh5 26. f3 Qh3 27. Rc6 Bb5 28. Rxd6 Ba4 29. Qa2 Bxd1 30. Qxa7 Bxf3 31. Bxf3 Rxf3 32. Qa1 Qf5 33. Qd1 Rd3 34. Qe2 e4 35. Re6 Rd4 36. Re8+ Kf7 37. Ra8 Qxd5 38. Qf2+ Kg6 39. Ra1 Rxb4 40. Re1 Qd4 41. Qxd4 Rxd4 42. Rb1 Rd6 43. Kf2 Kf6 44. Ke3 Re6 45. Rb5 Ke7 46. g4 Kd7 47. h4 Kc6 48. Rf5 b5 49. h5 b4 50. g5 hxg5 51. Rxg5 Re7 52. Ra5 b3 53. Ra1 Kb5 54. Kd4 Kb4 0-1

[Event "NOR-chT east"]
[Site "Norway"]
[Date "1994.??.??"]
[Round "7"]
[White "Ludvigsen, Frode"]
[Black "Qvortrup, Jon"]
[Result "1/2-1/2"]
[WhiteElo "2330"]
[BlackElo "2210"]
[PlyCount "31"]
[EventDate "1994.??.??"]
[EventType "team"]
[EventRounds "9"]
[EventCountry "NOR"]
[SourceTitle "EXT 2000"]
[Source "ChessBase"]
[SourceDate "1999.11.16"]
[SourceVersion "1"]
[SourceVersionDate "1999.11.16"]
[SourceQuality "1"]

1. d4 d5 2. c4 e6 3. Nc3 c6 4. Nf3 dxc4 5. e3 b5 6. a4 Bb4 7. Bd2 a5 8. axb5 Bxc3 9. Bxc3 cxb5 10. b3 Bb7 11. bxc4 b4 12. Bb2 Nf6 13. Bd3 0-0 14. 0-0 Nbd7 15. c5 Qc7 16. Bb5 1/2-1/2

[Event "NOR-chT"]
[Site "Vettre"]
[Date "1993.??.??"]
[Round "4"]
[White "Gausel, Einar"]
[Black "Ludvigsen, Frode"]
[Result "1-0"]
[WhiteElo "2485"]
[BlackElo "2330"]
[PlyCount "61"]
[EventDate "1993.??.??"]
[EventType "team"]
[EventRounds "5"]
[EventCountry "NOR"]
[SourceTitle "EXT 2000"]
[Source "ChessBase"]
[SourceDate "1999.11.16"]
[SourceVersion "1"]
[SourceVersionDate "1999.11.16"]
[SourceQuality "1"]

1. Nf3 Nf6 2. c4 c5 3. g3 g6 4. Bg2 Bg7 5. Nc3 Nc6 6. d4 cxd4 7. Nxd4 0-0 8. Nc2 a6 9. 0-0 Rb8 10. a4 d6 11. h3 Na5 12. Ne3 Be6 13. Ncd5 Nxd5 14. cxd5 Bd7 15. Rb1 b5 16. axb5 Bxb5 17. b3 Qc7 18. Bd2 Rfc8 19. h4 Qb6 20. Bh3 f5 21. Qe1 Nb7 22. Nc4 Bxc4 23. bxc4 Qd4 24. e4 Nc5 25. Rxb8 Rxb8 26. exf5 Ne4 27. Be3 Qxc4 28. fxg6 Qxd5 29. gxh7+ Kxh7 30. Bg2 Qf5 31. Ba7 1-0

[Event "NOR-chT east"]
[Site "Norway"]
[Date "1992.??.??"]
[Round "2"]
[White "Engedal, Kim Nikolai"]
[Black "Ludvigsen, Frode"]
[Result "1-0"]
[WhiteElo "2260"]
[BlackElo "2330"]
[PlyCount "83"]
[EventDate "1992.??.??"]
[EventType "team"]
[EventRounds "9"]
[EventCountry "NOR"]
[SourceTitle "EXT 2000"]
[Source "ChessBase"]
[SourceDate "1999.11.16"]
[SourceVersion "1"]
[SourceVersionDate "1999.11.16"]
[SourceQuality "1"]

1. e4 d6 2. d4 Nf6 3. Nc3 c6 4. a4 Qa5 5. Bd2 e5 6. d5 Qc7 7. Bg5 Nbd7 8. Nf3 Be7 9. Bd3 h6 10. Bxf6 Nxf6 11. Bc4 Bg4 12. 0-0 0-0 13. Re1 Kh8 14. h3 Bh5 15. g4 Bg6 16. Nh4 Bxe4 17. Nxe4 Nxe4 18. Nf5 Ng5 19. Kg2 cxd5 20. Bxd5 Ne6 21. c3 Nf4+ 22. Kh2 g6 23. Ne3 Bg5 24. Rf1 Rad8 25. Qb3 Kg7 26. Rab1 b6 27. Bf3 Qc5 28. Rbd1 f5 29. gxf5 gxf5 30. Bd5 Ng6 31. c4 f4 32. Nc2 f3 33. Ne3 Qc8 34. Rh1 Nf4 35. Kg1 Nxh3+ 36. Kf1 Rf4 37. Qd3 Rdf8 38. Be4 Bh4 39. Nf5+ Kh8 40. Rxh3 R8xf5 41. Bxf5 Rxf5 42. Rxh4 1-0

[Event "Gausdal Int"]
[Site "Gausdal"]
[Date "1987.??.??"]
[Round "?"]
[White "Mortensen, Erling"]
[Black "Ludvigsen, Frode"]
[Result "1-0"]
[WhiteElo "2450"]
[BlackElo "2235"]
[PlyCount "79"]
[EventDate "1987.08.??"]
[EventType "swiss"]
[EventRounds "9"]
[EventCountry "NOR"]
[SourceTitle "EXT 1997"]
[Source "ChessBase"]
[SourceDate "1996.11.15"]
[SourceVersion "1"]
[SourceVersionDate "1996.11.15"]
[SourceQuality "1"]

1. e4 c5 2. Nf3 d6 3. d4 cxd4 4. Nxd4 Nf6 5. Nc3 e6 6. g4 h6 7. Bg2 Bd7 8. h4 h5 9. gxh5 Nxh5 10. Bg5 Nf6 11. Qd2 a6 12. f4 Qc7 13. 0-0-0 Nc6 14. e5 Nxd4 15. Qxd4 dxe5 16. fxe5 Nh7 17. Be3 Rc8 18. Rd2 Bc5 19. Qxc5 Qxc5 20. Bxc5 Rxc5 21. Ne4 Rc7 22. Nd6+ Ke7 23. Bxb7 a5 24. Rg1 Rg8 25. Bf3 Bc6 26. Bxc6 Rxc6 27. b3 Nf8 28. h5 Rc5 29. Rf1 f5 30. exf6+ gxf6 31. Ne4 Rf5 32. Rxf5 exf5 33. Nc3 f4 34. Nd5+ Ke6 35. Nxf4+ Kf5 36. Nd5 Rh8 37. Rf2+ Kg5 38. Nxf6 Ne6 39. Ne4+ Kg4 40. Rf6 1-0